Normal view
MARC view
- Dr. Anjum Naveed.
Entry Personal Name
001 - CONTROL NUMBER
- control field: 18513
003 - CONTROL NUMBER IDENTIFIER
- control field: NUST
005 - DATE AND TIME OF LATEST TRANSACTION
- control field: 20190725070422.0
008 - FIXED-LENGTH DATA ELEMENTS
- fixed length control field: 190725|| aca||aabn | a|a d
040 ## - CATALOGING SOURCE
- Original cataloging agency: NUST
- Transcribing agency: NUST
100 ## - HEADING--PERSONAL NAME
- Personal name: Dr. Anjum Naveed.
670 ## - SOURCE DATA FOUND
- Source citation: Work cat.: (NUST): Awais, Aliya 18511, Grouping and Layout Generation for Irregular Shapes cutting stock problem /, 2013.
